000 00627nam a2200229Ia 4500
003 OSt
005 20220928113711.0
006 a|||||r|||| 00| 0
007 ta
008 220927b |||||||| |||| 00| 0 eng d
024 _a44679
037 _cTextual
040 _aSDCL
_cSDCL
_beng
041 _2eng
_aeng
082 _aV275(Y73(Q7):24'N4, L6;1
100 _aSen Shila
_9434539
245 0 _aMuslim politics in Bengal,1937-1947
260 _aNew Delhi
_bImpex India
_c1976
300 _avii,310p
_ccm.
942 _hV275(Y73(Q7):24'N4, L6;1
_cTEXL
_2CC
999 _c750859
_d750859